| 000 | 00498nam a2200145 i 4500 | ||
|---|---|---|---|
| 001 | 183871 | ||
| 003 | ES-MaACL | ||
| 005 | 20230906222005.0 | ||
| 008 | 141031s1899 sp |||| | spa d | ||
| 111 | 2 |
_aExposición Regional de Gijón ( _d1899) _9155822 |
|
| 245 | 1 | 0 |
_aExposición Regional de Gijon _b: Reglamento y clasificación de objetos ó productos. |
| 260 |
_aGijon : _b[s.n.], _c1899 ( _fImp. del Comercio) |
||
| 300 |
_a29, [8] p., [2] h. pleg. ; _c21 cm. |
||
| 852 |
_aES-MaACL _jT-805-F-10 |
||
| 999 |
_c183871 _d183871 |
||